LEADER 00813nam a2200193 i 4500 001 000000252122 003 CaOOAMICUS 005 20161214000000.0 008 161214s1792 it u000 u ita u 013 $a231027 026 $aleal 5.ri a-o- (asi (3) 1792 (R) 040 $aSeMil$bita 245 10$aVolume 2. 300 $aviij, 407, [1] p. :$bill. 500 $aVignette calcogr. e xilogr. - Segn.: a4 A-3E4. 773 0 $tDelle antichità longobardico-milanesi illustrate con dissertazioni dai monaci della congregazione cisterciese di Lombardia. Volume 1. [-4.].$dIn Milano : Nell'Imperial Monistero di S. Ambrogio Maggiore, 1792-1793.$g2$w()11237 850 $aSeMil 852 $aSeMil$W1$xVenegono$y1$m3O VII 2 FA$j202468$B202468$CSeMilBibl$Z2$F215220 $8I 996 $6245$aVolume 2$9(OLS)http://semarc/title/11564 LEADER 01200nam a2200301 i 4500 001 000000158927 003 CaOOAMICUS 005 20260319145550.0 008 070214s2006 it u000 u ita u 013 $a136290 020 $a88-7105-211-0 040 $aSeMil$bita 100 0 $aHonorius : Augustodunensis,$c.$0(OLS)http://semarc/name/41632 245 10$aSigillum Beate Mariae /$cOnorio di Autun ; a cura di Carlo Dezzuto. 260 $aMilano :$bGlossa,$c2006. 300 $aLXIV, 185 p. ;$c20 cm. 490 0 $aSapientia ;$v27 500 $aTesto latino a fronte. 600 04$aOnorio Augustodunense.$0(OLS)http://semarc/subject/17075 700 1 $aDezzuto, Carlo,$d<1964- >.$0(OLS)http://semarc/name/41633 830 0$aSapientia ;$v27.$0(OLS)http://semarc/title/625 850 $aSeMil 852 $aSeMil$W1$xVenegono$y1$m2KA O 27$j229375$B110516$CSeMilBibl$Z2$F120146 $81 961 $aOmaggio: Como don Giuseppe 996 $6020$a88-7105-211-0$9(OLS)http://semarc/number/74417 996 $6245$aSigillum Beate Mariae$9(OLS)http://semarc/title/140644 996 $6260$aMilano :$bGlossa$9(OLS)http://semarc/publisher/29635